Príručka na prijímacie skúšky : francúzsky jazyk, taliansky jazyk
Salvato in:
| Autore principale: | |
|---|---|
| Ente Autore: | |
| Altri autori: | , , |
| Natura: | Libro |
| Lingua: | francese italiano slovacco |
| Pubblicazione: |
Bratislava
Vydavateľstvo EKONÓM
2012
|
| Edizione: | 1. vyd. |
| Soggetti: | |
| Tags: |
Nessun Tag, puoi essere il primo ad aggiungerne!!
|
MARC
| LEADER | 00000nam a2200000 4500 | ||
|---|---|---|---|
| 001 | 0166166 | ||
| 005 | 20240502072909.5 | ||
| 020 | |a 978-80-225-3564-9 | ||
| 041 | 0 | |a fre | |
| 041 | 0 | |a ita | |
| 041 | 0 | |a slo | |
| 044 | |a SK | ||
| 245 | 1 | 0 | |a Príručka na prijímacie skúšky : francúzsky jazyk, taliansky jazyk |c Iveta Rizeková, Tiziano Vita ; recenzenti: Ľubica Petríková, Elena Smoleňová |
| 250 | |a 1. vyd. | ||
| 264 | 1 | |a Bratislava |b Vydavateľstvo EKONÓM |c 2012 | |
| 300 | |a 124 s. [5,03 AH] | ||
| 610 | 2 | 0 | |a jazykoveda |
| 610 | 2 | 0 | |a terminológia |
| 610 | 2 | 0 | |a jazyky cudzie |
| 100 | 1 | |a Rizeková, Iveta, 1961- | |
| 700 | 1 | |a Vita, Tiziano | |
| 700 | 1 | |a Petríková, Ľubica | |
| 700 | 1 | |a Smoleňová, Elena, 1974- | |
| 710 | 2 | |a Ekonomická univerzita v Bratislave. Fakulta aplikovaných jazykov | |